Talamanca: el espacio y los hombres

Shranjeno v:
Bibliografske podrobnosti
Glavni avtor: Gabb, William
Format: Texto
Izdano: Heredia: Universidad Nacional
Oznake: Označite
Brez oznak, prvi označite!

MARC

LEADER 00000 a a2200000 04500
001 21220
003
040
090 |a 092500  
100 |a Gabb, William  
245 |a Talamanca: el espacio y los hombres  
260 |a Heredia:   |b Universidad Nacional  
300 |a 10 p.  
999 |c 2638  |d 2638